000 00945nam a2200241Ia 4500
003 OSt
005 20221002050159.0
006 a|||||r|||| 00| 0
007 ta
008 220930b |||||||| |||| 00| 0 hin d
020 _a9788188790487 (hbk)
_c2500
024 _a105726
037 _b1460, 17/03/2011, Kiran Book Service
_cReference Collections
040 _aCRL
_cCRL
_bhin
041 _2hin
_ahin
082 _aO152,1I00:g, Q1.1-.2(RR)
100 _aशर्मा, सरनाम सिंह
245 0 _aकबीर
_b व्यक्तित्व , कृतित्व एवं सिद्धान्त
260 _aदिल्ली
_b कल्पना प्रकाशन
_c2011
490 _vभाग 1
942 _hO152,1I00:g, Q1.1-.2(RR)
_cref
_2CC
999 _c914052
_d914052